|
|
|
|
| LEADER |
01693cas a2200241 a 4500 |
| 001 |
AALejournalIMF006555 |
| 008 |
230101c9999 xx r poo 0 0eng d |
| 020 |
|
|
|c 5.00 USD
|
| 020 |
|
|
|z 9781455201341
|
| 022 |
|
|
|a 1018-5941
|
| 040 |
|
|
|a BD-DhAAL
|c BD-DhAAL
|
| 100 |
1 |
|
|a Schmittmann, Jochen M.
|
| 245 |
1 |
0 |
|a Currency Hedging for International Portfolios /
|c Jochen M. Schmittmann.
|
| 264 |
|
1 |
|a Washington, D.C. :
|b International Monetary Fund,
|c 2010.
|
| 300 |
|
|
|a 1 online resource (44 pages)
|
| 490 |
1 |
|
|a IMF Working Papers
|
| 500 |
|
|
|a <strong>Off-Campus Access:</strong> No User ID or Password Required
|
| 500 |
|
|
|a <strong>On-Campus Access:</strong> No User ID or Password Required
|
| 506 |
|
|
|a Electronic access restricted to authorized BRAC University faculty, staff and students
|
| 520 |
3 |
|
|a This paper examines the benefits from hedging the currency exposure of international investments in single- and multi-country equity and bond portfolios from the perspectives of German, Japanese, British and American investors. Over the period 1975 to 2009, hedging of currency risk substantially reduced the volatility of foreign investments at a quarterly investment horizon. Contrary to previous studies, the paper finds that at longer investment horizons of up to five years the case for hedging for risk reduction purposes remained strong.In addition to its impact on risk, hedging affected returns in economically meaningful magnitudes in some cases.
|
| 538 |
|
|
|a Mode of access: Internet
|
| 830 |
|
0 |
|a IMF Working Papers; Working Paper ;
|v No. 2010/151
|
| 856 |
4 |
0 |
|z Full text available on IMF
|u http://elibrary.imf.org/view/journals/001/2010/151/001.2010.issue-151-en.xml
|z IMF e-Library
|